| 000 | 00722cam a22002291 4500 | ||
|---|---|---|---|
| 001 | ne 68003915 | ||
| 003 | DLC | ||
| 005 | 20260227111848.0 | ||
| 008 | 891017s1966 xx 000 0 ara | ||
| 010 | _ane 68003915 | ||
| 035 | _a(OCoLC)23511590 | ||
| 040 |
_aDLC _cMiU _dDLC |
||
| 050 | 0 | 0 |
_aQK9 _b.D55 |
| 100 | 1 | _aDimyāṭī, Maḥmūd Muṣṭafá. | |
| 245 | 1 | 0 | _aMuʻjam asmāʼ al-nabātāt. |
| 260 | _c[1966] | ||
| 300 |
_a230 p. _c27 cm. |
||
| 504 | _aBibliography: p. [227]-228. | ||
| 650 | 0 |
_aBotany _vDictionaries _xArabic. |
|
| 650 | 0 |
_aArabic language _vDictionaries _xEnglish. |
|
| 700 | 2 |
_aMurtaḍá al-Zabīdī, Muḥammad ibn Muḥammad, _d1732 or 1733-1791. _tTāj al-'arūs min jawāhir al-Qāmūs. |
|
| 999 |
_c50876 _d50876 |
||